How South Americans countries gained Independence - Statistics

General Stats
  • This quiz has been taken 131 times
    92 since last reset
  • The average score is 10 of 12
Answer Stats
Country Country/Empire % Correct
Argentina Spanish Empire
90%
Bolivia Spanish Empire
90%
Chile Spanish Empire
90%
Paraguay Spanish Empire
90%
Peru Spanish Empire
90%
Suriname Netherlands
85%
Uruguay Brazil
84%
Brazil Portuguese Empire
84%
Guyana British Empire
78%
Colombia Gran Colombia
72%
Ecuador Gran Colombia
72%
Venezuela Gran Colombia
72%
No matching quizzes found
Score Distribution
Percent of People with Each Score
Percentile by Number Answered
Your Score History
You have not taken this quiz since the last reset